000 00623nam a22001937a 4500
003 OSt
005 20250701015929.0
008 250618b |||||||| |||| 00| 0 eng d
020 _a971-504-995-8
040 _aDWCL - Main lib
_cOC
082 _aCirc. 261.8 R222e 2005
100 _aRasmussen, Larry
245 _aEarth community earth ethics/
_cLarry Rasmussen
260 _aMakati, Philippines:
_bSt. Pauls,
_cc2005.
300 _axvi, 366 pages:
_b illustrations;
_c 21cm.
504 _aIncludes index.
650 _a1. Christian ethics -- Human ecology -- Moral and ethical aspects.
942 _2ddc
_cBK-CIRC
_kCirc.
_n0
999 _c3129
_d3129